[Event "SenWM Bad Zwischenahn"]
[Site "?"]
[Date "2008.??.??"]
[Round "?"]
[White "Budt, Karl_Heinz"]
[Black "Klein, Manfred"]
[Result "0-1"]
[WhiteElo "2125"]
[BlackElo "2230"]
[PlyCount "104"]
[EventDate "2008.??.??"]

1. d4 Nf6 2. c4 g6 3. Nc3 Bg7 4. e4 d6 5. Be2 O-O 6. Nf3 c5 7. O-O cxd4 8. Nxd4
Nc6 9. Be3 Bd7 10. Qd2 Nxd4 11. Bxd4 Bc6 12. f3 a5 13. Rfd1 Nd7 14. Rac1 a4 15.
Bf1 Qa5 16. Bxg7 Kxg7 17. Qd4+ Kg8 18. Nd5 Bxd5 19. Qxd5 Qb6+ 20. Qd4 Qxd4+ 21.
Rxd4 Rfc8 22. g3 Rc7 23. f4 Ra6 24. Rcd1 Rb6 25. R1d2 Nc5 26. Bh3 Rb4 27. e5
dxe5 28. fxe5 Ne6 29. Bxe6 fxe6 30. c5 Rxd4 31. Rxd4 Rxc5 32. Rxa4 Rc1+ 33. Kg2
Rc2+ 34. Kh3 Rxb2 35. Ra8+ Kf7 36. Kg4 Rxh2 37. Rb8 Rb2 38. a4 Rb4+ 39. Kf3 g5
40. a5 Rb5 41. Ke4 h5 42. Ra8 Rb4+ 43. Ke3 Kg6 44. Kd3 Rb3+ 45. Kc4 Rxg3 46.
Ra7 Ra3 47. Kb5 Rb3+ 48. Kc5 h4 49. Ra8 h3 50. Rb8 h2 51. Rh8 Rb2 52. Kd4 Kf5
0-1

[Event "SenWM Bad Zwischenahn"]
[Site "?"]
[Date "2008.??.??"]
[Round "?"]
[White "Durst, Uwe"]
[Black "Hohler, Peter"]
[Result "1/2-1/2"]
[WhiteElo "2115"]
[BlackElo "2210"]
[PlyCount "37"]
[EventDate "2008.??.??"]

1. f4 d5 2. b3 Bg4 3. Bb2 Nd7 4. d3 Ngf6 5. Nd2 e6 6. Ngf3 Bc5 7. d4 Bb4 8. c3
Be7 9. e3 Ne4 10. Be2 f5 11. O-O O-O 12. Nxe4 fxe4 13. Ne5 Bxe2 14. Qxe2 Nxe5
15. fxe5 Qd7 16. Qg4 Rxf1+ 17. Rxf1 Rf8 18. Rxf8+ Bxf8 19. Bc1 1/2-1/2

[Event "SenWM Bad Zwischenahn"]
[Site "?"]
[Date "2008.??.??"]
[Round "?"]
[White "Troeger, Rainer"]
[Black "Hocevar, Nicola"]
[Result "0-1"]
[WhiteElo "2200"]
[BlackElo "2110"]
[PlyCount "96"]
[EventDate "2008.??.??"]

1. Nf3 c5 2. g3 Nc6 3. d3 g6 4. Bg2 Bg7 5. O-O Nf6 6. c4 O-O 7. Nc3 d6 8. Bd2
h6 9. a3 Be6 10. Rb1 Qd7 11. Re1 Rab8 12. b4 b6 13. b5 Nd4 14. Nxd4 cxd4 15.
Bc6 Qd8 16. Nd5 Bxd5 17. cxd5 Qc8 18. f3 Qh3 19. Rf1 e6 20. dxe6 fxe6 21. Bb4
Rbd8 22. Rf2 Rf7 23. Qf1 Qxf1+ 24. Rfxf1 Rc7 25. Rfc1 Bf8 26. Kf2 Rdc8 27. Ke1
Kf7 28. Kd2 Be7 29. a4 d5 30. f4 a5 31. Bxe7 Kxe7 32. Ra1 Kd6 33. Ra2 Ng4 34.
h3 Ne3 35. Raa1 Rf8 36. Rg1 e5 37. fxe5+ Kxe5 38. Rac1 Kd6 39. g4 g5 40. Rg3
Nf1+ 41. Rxf1 Rxf1 42. h4 Re7 43. Rh3 Rf2 44. hxg5 Rexe2+ 45. Kd1 hxg5 46. Rh6+
Ke5 47. Rg6 Ra2 48. Ke1 Rab2 0-1

[Event "SenWM Bad Zwischenahn"]
[Site "?"]
[Date "2008.??.??"]
[Round "?"]
[White "Gustavsson, Sture"]
[Black "Zunker, Reinhard"]
[Result "0-1"]
[WhiteElo "2040"]
[BlackElo "2215"]
[PlyCount "54"]
[EventDate "2008.??.??"]

1. d4 g6 2. Nf3 Bg7 3. c4 d6 4. Nc3 Nf6 5. e4 O-O 6. Be2 e5 7. O-O Nc6 8. d5
Ne7 9. b4 Nh5 10. Re1 f5 11. Nd2 Nf6 12. f3 Bh6 13. Nb3 f4 14. c5 g5 15. a4 Kh8
16. b5 Rg8 17. Ba3 g4 18. Nd2 gxf3 19. Bxf3 Ng4 20. Nc4 Ne3 21. Rxe3 fxe3 22.
cxd6 Ng6 23. dxc7 Qxc7 24. Qb3 Nh4 25. Kf1 Nxf3 26. gxf3 Bh3+ 27. Ke2 Rac8 0-1

[Event "SenWM Bad Zwischenahn"]
[Site "?"]
[Date "2008.??.??"]
[Round "?"]
[White "De Laubadère, Philippe"]
[Black "Van Geffen, Ben"]
[Result "1/2-1/2"]
[WhiteElo "2005"]
[BlackElo "2145"]
[PlyCount "32"]
[EventDate "2008.??.??"]

1. d4 Nf6 2. c4 g6 3. Nc3 d5 4. Bf4 Bg7 5. e3 c5 6. dxc5 Qa5 7. Qa4+ Qxa4 8.
Nxa4 O-O 9. Nf3 Na6 10. Rc1 Bd7 11. Nc3 dxc4 12. Bxc4 Nxc5 13. O-O Be6 14. Bxe6
Nxe6 15. Be5 Rfd8 16. Rfd1 Rac8 1/2-1/2

[Event "SenWM Bad Zwischenahn"]
[Site "?"]
[Date "2008.??.??"]
[Round "?"]
[White "Cebalo, Miso"]
[Black "Karasev, Vladimir"]
[Result "1-0"]
[WhiteElo "2490"]
[BlackElo "2410"]
[PlyCount "109"]
[EventDate "2008.??.??"]

1. d4 g6 2. e4 Bg7 3. c4 d6 4. Nc3 Nc6 5. d5 Nd4 6. Nge2 Nxe2 7. Bxe2 Bxc3+ 8.
bxc3 e5 9. f4 Nf6 10. fxe5 Nd7 11. exd6 Qh4+ 12. g3 Qxe4 13. Rf1 cxd6 14. Qd4
Qxd4 15. cxd4 O-O 16. a4 Re8 17. Kd2 f5 18. Ba3 Nf6 19. Bd3 Rd8 20. a5 b6 21.
Bb4 b5 22. cxb5 Bb7 23. Rfe1 Kf7 24. Rac1 Rd7 25. Rc6 Rad8 26. Ba3 Bxc6 27.
dxc6 Re7 28. Rc1 Ne4+ 29. Bxe4 Rxe4 30. c7 Rde8 31. Rc6 Rxd4+ 32. Kc3 Ra4 33.
c8=Q Rxa3+ 34. Kb4 Rxc8 35. Rxc8 Ra2 36. Rc7+ Ke6 37. Rxa7 g5 38. Rxh7 f4 39.
gxf4 gxf4 40. Rh3 Rb2+ 41. Kc4 d5+ 42. Kc5 Rc2+ 43. Kb6 d4 44. a6 Rc3 45. Rh8
f3 46. a7 Ra3 47. Rf8 Ke5 48. Rxf3 Rxf3 49. a8=Q Rc3 50. Qe8+ Kf4 51. Qe6 Re3
52. Qd5 Re4 53. Kc6 Ke3 54. b6 d3 55. b7 1-0

[Event "SenWM Bad Zwischenahn"]
[Site "?"]
[Date "2008.??.??"]
[Round "?"]
[White "Klovans, Janis"]
[Black "Kaufman, Larry C"]
[Result "0-1"]
[WhiteElo "2410"]
[BlackElo "2390"]
[PlyCount "50"]
[EventDate "2008.??.??"]

1. e4 e6 2. d4 d5 3. Nc3 Nf6 4. Bg5 dxe4 5. Nxe4 Be7 6. Bxf6 gxf6 7. Nf3 f5 8.
Nc3 a6 9. g3 b5 10. Bg2 Bb7 11. O-O O-O 12. Ne5 Bxg2 13. Kxg2 b4 14. Qf3 bxc3
15. Qxa8 Qxd4 16. Nf3 Qb6 17. Ne5 f6 18. Nc4 Qb5 19. Qf3 Qxc4 20. bxc3 Nc6 21.
Rfe1 Ne5 22. Qe2 Qc6+ 23. Kh3 Nf3 24. Red1 Ng5+ 25. Kh4 Qg2 0-1

[Event "SenWM Damen Bad Zwischenahn"]
[Site "?"]
[Date "2008.??.??"]
[Round "?"]
[White "Bilunova, Rimma"]
[Black "Strutinskaya, Galina"]
[Result "0-1"]
[WhiteElo "2150"]
[BlackElo "2280"]
[PlyCount "80"]
[EventDate "2008.??.??"]

1. e4 c5 2. Nf3 Nc6 3. Bb5 e6 4. O-O Nge7 5. b3 Qb6 6. Be2 Ng6 7. d3 Qc7 8. Bb2
b6 9. Re1 Bb7 10. a4 a6 11. Na3 f6 12. Qd2 Bd6 13. g3 h5 14. Nc4 h4 15. Nxd6+
Qxd6 16. Bf1 hxg3 17. fxg3 Nge5 18. Nxe5 Nxe5 19. Qf4 Nf7 20. Qxd6 Nxd6 21. e5
fxe5 22. Bxe5 Nf5 23. Bg2 Bxg2 24. Kxg2 d6 25. Bf4 Kd7 26. g4 Nd4 27. c3 Nc2
28. Rac1 Nxe1+ 29. Rxe1 Raf8 30. Bg3 Rf6 31. h4 Rhf8 32. h5 Rf3 33. Rd1 Re3 34.
g5 Rf5 35. Bh4 Rf4 36. Rh1 Rxd3 37. h6 gxh6 38. gxh6 Rf7 39. Bf6 Rxf6 40. h7
Rf8 0-1

[Event "SenWM Damen Bad Zwischenahn"]
[Site "?"]
[Date "2008.??.??"]
[Round "?"]
[White "Miednikova, Svetlana"]
[Black "Fomina, Tatyana"]
[Result "1/2-1/2"]
[WhiteElo "2155"]
[BlackElo "2210"]
[PlyCount "91"]
[EventDate "2008.??.??"]

1. e4 c5 2. Nf3 e6 3. c3 d5 4. e5 d4 5. Bb5+ Bd7 6. Qe2 a6 7. Bxd7+ Qxd7 8. O-O
Ne7 9. a4 Ng6 10. cxd4 cxd4 11. d3 Nc6 12. Nbd2 Qc7 13. Nc4 Be7 14. a5 Rd8 15.
Bd2 Rd5 16. Rfe1 O-O 17. g3 Re8 18. h4 f6 19. exf6 Bxf6 20. Ng5 Bxg5 21. hxg5
Rf5 22. Qe4 Nce5 23. Nxe5 Rxe5 24. Qxd4 Rd8 25. Qc3 Qd6 26. d4 Qxd4 27. Qxd4
Rxd4 28. Bc3 Rxe1+ 29. Rxe1 Rd6 30. Re4 Kf7 31. Rc4 Rd7 32. Rc8 Ne7 33. Rh8 Nd5
34. Rc8 Kg6 35. f4 Kh5 36. Kf2 Kg4 37. g6 hxg6 38. Be5 Nb4 39. Ke3 Rd3+ 40. Ke4
Rxg3 41. Rc7 Nd3 42. Rxg7 Nc5+ 43. Kd4 Nb3+ 44. Ke4 Nc5+ 45. Kd4 Nb3+ 46. Ke4
1/2-1/2

[Event "SenWM Bad Zwischenahn"]
[Site "?"]
[Date "2008.??.??"]
[Round "?"]
[White "Joksic, Sinisa"]
[Black "Opl, Klaus"]
[Result "0-1"]
[WhiteElo "2255"]
[BlackElo "2360"]
[PlyCount "74"]
[EventDate "2008.??.??"]

1. c4 Nf6 2. Nf3 g6 3. Nc3 Bg7 4. g3 O-O 5. e4 d6 6. Bg2 Nc6 7. O-O Nh5 8. d4
f5 9. exf5 Bxf5 10. d5 Na5 11. Ng5 Bxc3 12. bxc3 Ng7 13. Qe2 Qd7 14. Re1 Qa4
15. g4 Bd7 16. Bf1 c6 17. h3 cxd5 18. cxd5 Nb3 19. Bb2 Nxa1 20. c4 Qc2 21. Qxc2
Nxc2 22. Rxe7 Ne8 23. Bd3 Nb4 24. Rxh7 Nf6 25. Bxg6 Ba4 26. Bf7+ Rxf7 27. Rxf7
Ne8 28. Rh7 Kf8 29. Rh8+ Ke7 30. Rh7+ Kf8 31. Rxb7 Nd3 32. Bd4 a6 33. h4 Ne5
34. h5 Nxg4 35. Rf7+ Kg8 36. Rh7 Nef6 37. Rh6 Nxh6 0-1

[Event "SenWM Bad Zwischenahn"]
[Site "?"]
[Date "2008.??.??"]
[Round "?"]
[White "Kuindzhy, Alexander"]
[Black "Thieme, Hans"]
[Result "1/2-1/2"]
[WhiteElo "2395"]
[BlackElo "2095"]
[PlyCount "72"]
[EventDate "2008.??.??"]

1. e4 c5 2. Nf3 e6 3. d4 cxd4 4. Nxd4 Qb6 5. Nc3 Bc5 6. Na4 Qa5+ 7. c3 Bxd4 8.
Qxd4 Nf6 9. Nc5 O-O 10. Nb3 Qc7 11. Be2 Nc6 12. Qd3 d5 13. exd5 Nxd5 14. Qg3
Qxg3 15. hxg3 e5 16. Nc5 b6 17. Ne4 Rd8 18. f3 Bb7 19. Kf2 Rd7 20. g4 Nf4 21.
Bxf4 exf4 22. Rad1 Rad8 23. Rxd7 Rxd7 24. Rd1 Rxd1 25. Bxd1 Ne5 26. Nd6 Ba6 27.
Be2 Bxe2 28. Kxe2 a6 29. a4 Kf8 30. Nc8 Nc4 31. b3 Na5 32. b4 Nc4 33. Kd3 Nb2+
34. Kc2 Nc4 35. Kd3 Nb2+ 36. Kc2 Nc4 1/2-1/2

[Event "SenWM Bad Zwischenahn"]
[Site "?"]
[Date "2008.??.??"]
[Round "?"]
[White "Goy, Udo"]
[Black "Westerinen, Heikki"]
[Result "0-1"]
[WhiteElo "2210"]
[BlackElo "2345"]
[PlyCount "66"]
[EventDate "2008.??.??"]

1. d4 Nf6 2. c4 g6 3. Nc3 Bg7 4. e4 d6 5. Nf3 O-O 6. Be2 Bg4 7. O-O Nfd7 8. Be3
Nc6 9. Qd2 a6 10. Rac1 e5 11. dxe5 dxe5 12. Rfd1 Bxf3 13. Bxf3 Nd4 14. Be2 Nc5
15. f3 Nce6 16. Bf1 c6 17. Ne2 Qe7 18. c5 Rfd8 19. Qa5 Rd7 20. Nxd4 exd4 21.
Bf2 Rad8 22. Qa3 h5 23. b4 h4 24. Rc2 Be5 25. Rcd2 Qg5 26. Kh1 Kg7 27. Qb3 Nf4
28. a3 Nh5 29. Be3 dxe3 30. Rxd7 Rxd7 31. Rxd7 Qf4 32. g3 Qxf3+ 33. Bg2 Qf2 0-1

[Event "SenWM Bad Zwischenahn"]
[Site "?"]
[Date "2008.??.??"]
[Round "?"]
[White "Batakovs, Olegs"]
[Black "Rooze, Jan"]
[Result "1-0"]
[WhiteElo "2190"]
[BlackElo "2315"]
[PlyCount "69"]
[EventDate "2008.??.??"]

1. e4 c5 2. Nf3 Nf6 3. e5 Nd5 4. d4 cxd4 5. Qxd4 e6 6. Bc4 Nc6 7. Qe4 d6 8. O-O
dxe5 9. Nxe5 Bd6 10. Nxc6 bxc6 11. Nd2 O-O 12. Nf3 Bd7 13. Bb3 f5 14. Qe2 Qc7
15. Re1 Rae8 16. Ne5 Bc8 17. Bd2 c5 18. Rad1 Nf6 19. Bf4 Ne4 20. Rxd6 Qxd6 21.
Ng6 Qb6 22. Nxf8 Kxf8 23. Be5 Rd8 24. Qe3 h6 25. f3 Ng5 26. Bc3 Nf7 27. Kh1 Rd6
28. Bc4 Bd7 29. h4 Qd8 30. g3 Qc7 31. Kg2 Qb6 32. b3 Bc8 33. Re2 Qc6 34. Bb2 a6
35. Ba3 1-0

[Event "SenWM Bad Zwischenahn"]
[Site "?"]
[Date "2008.??.??"]
[Round "?"]
[White "Villing, Dieter"]
[Black "Rosenauer, Horst"]
[Result "1-0"]
[WhiteElo "2190"]
[BlackElo "1660"]
[PlyCount "24"]
[EventDate "2008.??.??"]

1. e4 e5 2. Bc4 Nf6 3. d4 Nxe4 4. dxe5 Nc5 5. Nf3 Be7 6. Nc3 c6 7. Bf4 b5 8.
Bb3 a5 9. a3 Nxb3 10. cxb3 Na6 11. Ne4 O-O 12. Qc2 Nc5 1-0

[Event "SenWM Bad Zwischenahn"]
[Site "?"]
[Date "2008.??.??"]
[Round "?"]
[White "Uhlmann, Wolfgang"]
[Black "Davydov, Sergey"]
[Result "1-0"]
[WhiteElo "2415"]
[BlackElo "2345"]
[PlyCount "57"]
[EventDate "2008.??.??"]

1. c4 c5 2. Nf3 Nf6 3. Nc3 e6 4. g3 b6 5. Bg2 Bb7 6. d4 cxd4 7. Qxd4 d6 8. O-O
Be7 9. e4 a6 10. Qe3 Nbd7 11. Nd4 Qc7 12. b3 O-O 13. Bb2 Rac8 14. h3 Rfe8 15.
Rfe1 Qb8 16. Rad1 h6 17. Kh1 Nc5 18. Qe2 Qa8 19. Kh2 Bd8 20. Nc2 Bc7 21. f4 b5
22. b4 Ncd7 23. cxb5 axb5 24. Nxb5 Qxa2 25. Bxf6 Ba6 26. Ra1 Bxb5 27. Qxb5 Qxc2
28. Qxd7 gxf6 29. Rec1 1-0

[Event "SenWM Bad Zwischenahn"]
[Site "?"]
[Date "2008.??.??"]
[Round "?"]
[White "Zakharov, Alexander"]
[Black "Gruzmann, Boris"]
[Result "1-0"]
[WhiteElo "2410"]
[BlackElo "2250"]
[PlyCount "81"]
[EventDate "2008.??.??"]

1. d4 Nf6 2. c4 d6 3. Nc3 Bf5 4. g3 Nc6 5. Bg2 e5 6. d5 Ne7 7. Qb3 Qc8 8. Bg5
Nd7 9. e4 Nc5 10. Qc2 Bd7 11. b4 Na6 12. a3 f5 13. Nge2 h6 14. Bd2 Ng8 15. f4
Nf6 16. fxe5 dxe5 17. O-O g6 18. exf5 Bxf5 19. Ne4 Be7 20. Nxf6+ Bxf6 21. Be4
O-O 22. Bxf5 gxf5 23. Rxf5 Bg7 24. Rxf8+ Qxf8 25. Rf1 Qd6 26. Nc3 Rf8 27. Rxf8+
Qxf8 28. Qg6 Qf7 29. Qg4 Kh7 30. Ne4 Qg6 31. Qf3 b6 32. h4 Nb8 33. h5 Qe8 34.
Qf5+ Kg8 35. Bxh6 Nd7 36. Bxg7 Kxg7 37. g4 Qe7 38. g5 a5 39. h6+ Kh8 40. g6 Qh4
41. g7+ 1-0

[Event "SenWM Bad Zwischenahn"]
[Site "?"]
[Date "2008.??.??"]
[Round "?"]
[White "Sorokin, Valentin"]
[Black "Kapengut, Albert"]
[Result "1/2-1/2"]
[WhiteElo "2325"]
[BlackElo "2430"]
[PlyCount "71"]
[EventDate "2008.??.??"]

1. c4 e5 2. Nc3 Nf6 3. Nf3 Nc6 4. g3 Bb4 5. Bg2 O-O 6. O-O e4 7. Ng5 Bxc3 8.
dxc3 Re8 9. Qc2 Qe7 10. Nh3 Ne5 11. b3 Ng6 12. Nf4 Nxf4 13. Bxf4 d6 14. h3 Bf5
15. Qd2 Bd7 16. Rad1 Bc6 17. Qd4 h6 18. Kh2 a5 19. a3 b6 20. g4 Nd7 21. Qd2 Nc5
22. Qc2 Qe6 23. Bg3 a4 24. b4 Nb3 25. f4 Qxc4 26. e3 Bb5 27. Rfe1 Qc6 28. f5 f6
29. Bf4 Rad8 30. Bf1 Bc4 31. h4 Rd7 32. Bh3 Bd3 33. Rxd3 exd3 34. Qxd3 d5 35.
Rd1 b5 36. Bf1 1/2-1/2

[Event "SenWM Bad Zwischenahn"]
[Site "?"]
[Date "2008.??.??"]
[Round "?"]
[White "Kaminik, Alexander"]
[Black "Klundt, Klaus"]
[Result "0-1"]
[WhiteElo "2255"]
[BlackElo "2350"]
[PlyCount "56"]
[EventDate "2008.??.??"]

1. d4 d5 2. c4 c6 3. Nf3 Nf6 4. e3 g6 5. Nc3 Bg7 6. Bd3 O-O 7. O-O Bg4 8. h3
Bxf3 9. Qxf3 e6 10. Rd1 Nbd7 11. e4 e5 12. Be3 dxe4 13. Bxe4 Nxe4 14. Nxe4 f5
15. Nd6 f4 16. Bd2 exd4 17. Nxb7 Qc7 18. Na5 Ne5 19. Qe4 f3 20. g3 Qd7 21. Kh2
Rae8 22. Re1 h5 23. Qh4 Nd3 24. b4 Re2 25. Rxe2 fxe2 26. Be1 Bf6 27. g4 Be5+
28. Kg1 Rf4 0-1

[Event "SenWM Bad Zwischenahn"]
[Site "?"]
[Date "2008.??.??"]
[Round "?"]
[White "Jorgensen, Jorgen"]
[Black "Jakobsen, Ole"]
[Result "0-1"]
[WhiteElo "2250"]
[BlackElo "2350"]
[PlyCount "52"]
[EventDate "2008.??.??"]

1. d4 g6 2. c4 Bg7 3. Nc3 c5 4. d5 d6 5. g3 Bxc3+ 6. bxc3 Qa5 7. Qb3 Nf6 8. Bg2
Nbd7 9. Nf3 Nb6 10. Nd2 Bd7 11. O-O Ba4 12. Qb2 Qa6 13. Re1 Nfd7 14. f4 Nxc4
15. Nxc4 Qxc4 16. e4 Qb5 17. Qf2 f6 18. Bh3 O-O-O 19. Bd2 Qa6 20. Rab1 Bc2 21.
Rb2 Bd3 22. e5 Kb8 23. Bxd7 Rxd7 24. exf6 exf6 25. Re6 f5 26. Be3 Qc4 0-1

[Event "SenWM Bad Zwischenahn"]
[Site "?"]
[Date "2008.??.??"]
[Round "?"]
[White "Pribyl, Josef"]
[Black "Holm, Sejer"]
[Result "1-0"]
[WhiteElo "2340"]
[BlackElo "2225"]
[PlyCount "75"]
[EventDate "2008.??.??"]

1. d4 d5 2. Nf3 e6 3. c4 c5 4. cxd5 exd5 5. g3 Nc6 6. Bg2 c4 7. O-O Bb4 8. Ne5
Nge7 9. b3 cxb3 10. axb3 O-O 11. Nd3 Bd6 12. Nf4 Bxf4 13. Bxf4 Be6 14. Nc3 Qd7
15. Re1 Rfd8 16. Bc1 b6 17. Ba3 Bh3 18. Bh1 Rac8 19. Rc1 a5 20. Na4 Qb7 21. e3
Bf5 22. Qe2 b5 23. Nc5 Qb6 24. Bg2 b4 25. Bb2 Nb8 26. Bf1 h6 27. Qb5 Qxb5 28.
Bxb5 Rc7 29. Ra1 Ra7 30. Ra2 Kf8 31. Bc1 Rd6 32. Bd2 Rb6 33. Be2 Ke8 34. Rc1
Kd8 35. f3 Nbc6 36. g4 Bc8 37. Be1 Ng6 38. Na4 1-0

[Event "SenWM Bad Zwischenahn"]
[Site "?"]
[Date "2008.??.??"]
[Round "?"]
[White "Blaushtain, Boris"]
[Black "Arkhangelsky, Boris"]
[Result "1/2-1/2"]
[WhiteElo "2155"]
[BlackElo "2325"]
[PlyCount "63"]
[EventDate "2008.??.??"]

1. d4 d5 2. Nf3 c6 3. Bf4 Qb6 4. b3 Bf5 5. e3 Nf6 6. Bd3 e6 7. O-O Nbd7 8. Nbd2
a5 9. Bxf5 exf5 10. c4 Be7 11. c5 Qd8 12. h3 O-O 13. Ne5 Nxe5 14. Bxe5 Ne4 15.
Qc2 Re8 16. a3 Nxd2 17. Qxd2 Bxc5 18. Bxg7 Bd6 19. Be5 Bxe5 20. dxe5 Rxe5 21.
b4 a4 22. Rac1 Qe7 23. Rc5 Re4 24. Qc3 Qe5 25. Rc1 Qxc3 26. R1xc3 f4 27. exf4
Rxf4 28. b5 cxb5 29. Rxb5 Re8 30. Rxd5 Re1+ 31. Kh2 Rxf2 32. Rb5 1/2-1/2

[Event "SenWM Bad Zwischenahn"]
[Site "?"]
[Date "2008.??.??"]
[Round "?"]
[White "Gutkin, Boris"]
[Black "Hvenekilde, Jorgen"]
[Result "1/2-1/2"]
[WhiteElo "2280"]
[BlackElo "2165"]
[PlyCount "40"]
[EventDate "2008.??.??"]

1. Nf3 Nf6 2. c4 g6 3. Nc3 Bg7 4. e4 d6 5. d4 O-O 6. h3 c6 7. Be2 a6 8. a4 a5
9. Bg5 h6 10. Be3 Na6 11. Qd2 Kh7 12. O-O Nd7 13. Rfd1 Qc7 14. Rac1 Re8 15. Bd3
e5 16. Bb1 exd4 17. Bxd4 Ne5 18. Nxe5 dxe5 19. Be3 Qe7 20. c5 Be6 1/2-1/2

[Event "SenWM Bad Zwischenahn"]
[Site "?"]
[Date "2008.??.??"]
[Round "?"]
[White "Ozbilen, Hayri"]
[Black "Brinck_Claussen, Bjorn"]
[Result "0-1"]
[WhiteElo "2135"]
[BlackElo "2275"]
[PlyCount "68"]
[EventDate "2008.??.??"]

1. e4 e6 2. d3 d5 3. Nd2 Nf6 4. Ngf3 Be7 5. g3 c5 6. Bg2 Nc6 7. O-O O-O 8. Re1
b5 9. e5 Nd7 10. Nf1 a5 11. h4 b4 12. Bf4 Ba6 13. Rc1 Nb6 14. c3 a4 15. Bg5 h6
16. Bxe7 Qxe7 17. a3 bxa3 18. bxa3 c4 19. dxc4 Bxc4 20. Ra1 Na5 21. g4 Nb3 22.
Rb1 Rac8 23. Ne3 Nd7 24. g5 h5 25. Nd4 g6 26. Nec2 Nxd4 27. Qxd4 Bb3 28. Nb4
Rc4 29. Qe3 Rfc8 30. Rbc1 Rxh4 31. f4 Qc5 32. Kf2 Rxf4+ 33. Bf3 Qxe3+ 34. Kxe3
Rf5 0-1

[Event "SenWM Bad Zwischenahn"]
[Site "?"]
[Date "2008.??.??"]
[Round "?"]
[White "Hocevar, Nicola"]
[Black "Dornieden, Manfred Dr"]
[Result "1/2-1/2"]
[WhiteElo "2110"]
[BlackElo "2265"]
[PlyCount "27"]
[EventDate "2008.??.??"]

1. d4 d6 2. e4 g6 3. c3 Bg7 4. Nf3 Nf6 5. Bd3 O-O 6. O-O c6 7. h3 Qc7 8. Be3 e5
9. Nbd2 Nbd7 10. Qc2 d5 11. dxe5 dxe4 12. Nxe4 Nxe4 13. Bxe4 Nxe5 14. Nxe5
1/2-1/2

[Event "SenWM Bad Zwischenahn"]
[Site "?"]
[Date "2008.??.??"]
[Round "?"]
[White "Klein, Manfred"]
[Black "Pekun, Cem"]
[Result "1/2-1/2"]
[WhiteElo "2230"]
[BlackElo "2125"]
[PlyCount "28"]
[EventDate "2008.??.??"]

1. e4 g6 2. d4 d6 3. Nc3 Bg7 4. f4 c6 5. Be3 Nf6 6. Nf3 O-O 7. Qd2 Qa5 8. h3 b5
9. Bd3 b4 10. Ne2 Nbd7 11. Ng3 Rb8 12. O-O Qc7 13. f5 c5 14. c3 bxc3 1/2-1/2

[Event "SenWM Bad Zwischenahn"]
[Site "?"]
[Date "2008.??.??"]
[Round "?"]
[White "Tchetchelnitski, Boris"]
[Black "Andersson, Kaj"]
[Result "1-0"]
[WhiteElo "2215"]
[BlackElo "2115"]
[PlyCount "83"]
[EventDate "2008.??.??"]

1. Nf3 d5 2. c4 c6 3. Qc2 Nf6 4. g3 Nbd7 5. d4 e6 6. Bg2 Be7 7. O-O O-O 8. Nbd2
b5 9. c5 Re8 10. e4 dxe4 11. Nxe4 Nd5 12. Bg5 f6 13. Bd2 e5 14. Nc3 Bb7 15.
Rfe1 exd4 16. Nxd5 cxd5 17. b4 Ne5 18. Nxd4 a6 19. Rad1 Qd7 20. Bc3 Rac8 21. f4
Nc4 22. Qf5 Qxf5 23. Nxf5 Bf8 24. Rxe8 Rxe8 25. Bxd5+ Bxd5 26. Rxd5 Kf7 27. Rd3
Re2 28. a3 Ke8 29. Nd4 Ra2 30. Be1 Nxa3 31. c6 Bd6 32. Nf5 Bc7 33. Nxg7+ Kf7
34. Rd7+ Kg6 35. Rxc7 Nc2 36. Bd2 Nd4 37. f5+ Nxf5 38. Nxf5 Rxd2 39. g4 Kg5 40.
Rd7 Rc2 41. c7 h5 42. Ne7 1-0

[Event "SenWM Bad Zwischenahn"]
[Site "?"]
[Date "2008.??.??"]
[Round "?"]
[White "Tseitlin, Mark"]
[Black "Khazankin, Moisei"]
[Result "1-0"]
[WhiteElo "2435"]
[BlackElo "2145"]
[PlyCount "47"]
[EventDate "2008.??.??"]

1. e4 c5 2. Nf3 d6 3. d4 cxd4 4. Nxd4 Nf6 5. Nc3 a6 6. Bg5 e6 7. f4 b5 8. e5
dxe5 9. fxe5 Qc7 10. Qe2 Nfd7 11. O-O-O Bb7 12. Qg4 h5 13. Qf4 Bc5 14. Ne4 Bxe4
15. Qxe4 Bxd4 16. Qxa8 Qxe5 17. Kb1 O-O 18. Bc1 Nb6 19. Qf3 Na4 20. Bf4 Qc5 21.
c3 Bxc3 22. Bd6 Qc8 23. Bxf8 Kxf8 24. Rc1 1-0

[Event "SenWM Bad Zwischenahn"]
[Site "?"]
[Date "2008.??.??"]
[Round "?"]
[White "Bachmann, Karlheinz"]
[Black "Durst, Uwe"]
[Result "1-0"]
[WhiteElo "2275"]
[BlackElo "2115"]
[PlyCount "59"]
[EventDate "2008.??.??"]

1. c4 g5 2. g3 Nf6 3. d4 e6 4. Bg2 c6 5. Nf3 Be7 6. O-O O-O 7. b3 d5 8. Ba3
Bxa3 9. Nxa3 Qd6 10. Nc2 Nbd7 11. Nce1 Ne4 12. Nd3 c5 13. cxd5 exd5 14. dxc5
Ndxc5 15. Nxc5 Qxc5 16. Rc1 Qd6 17. Qd3 Bd7 18. Rfd1 Bc6 19. Nd4 Rae8 20. f3
Nc5 21. Qc2 Nd7 22. Nf5 Qe5 23. Nd4 Qe3+ 24. Kh1 Ne5 25. Qd2 Qxd2 26. Rxd2 f6
27. Rdc2 h6 28. f4 Ng4 29. Nxc6 bxc6 30. Bf3 1-0

[Event "SenWM Bad Zwischenahn"]
[Site "?"]
[Date "2008.??.??"]
[Round "?"]
[White "Stull, Norbert"]
[Black "Feller, Joseph"]
[Result "1/2-1/2"]
[WhiteElo "2140"]
[BlackElo "2220"]
[PlyCount "27"]
[EventDate "2008.??.??"]

1. d4 d5 2. Nf3 Nf6 3. c4 dxc4 4. e3 Bg4 5. Bxc4 e6 6. O-O Nbd7 7. h3 Bh5 8.
Nc3 Bd6 9. e4 e5 10. dxe5 Nxe5 11. Be2 O-O 12. Nxe5 Bxe2 13. Qxe2 Bxe5 14. Bg5
1/2-1/2

[Event "SenWM Bad Zwischenahn"]
[Site "?"]
[Date "2008.??.??"]
[Round "?"]
[White "Kool, Gerard"]
[Black "Stürcken, Volker"]
[Result "1-0"]
[WhiteElo "2155"]
[BlackElo "1890"]
[PlyCount "67"]
[EventDate "2008.??.??"]

1. d4 g6 2. Bf4 Bg7 3. e3 c5 4. c3 cxd4 5. exd4 d5 6. Nf3 Nc6 7. Bd3 Nf6 8. Qc1
O-O 9. O-O Bg4 10. Ne5 Be6 11. Bh6 Rc8 12. Bxg7 Kxg7 13. Qe3 Ng4 14. Nxg4 Bxg4
15. Nd2 Qb6 16. Rab1 Bd7 17. Nb3 Rce8 18. Nc5 Bc8 19. f4 e6 20. b4 a6 21. a4
Qd8 22. Rf3 h5 23. Rg3 Ne7 24. Qe5+ f6 25. Qxh5 f5 26. Re1 Rh8 27. Qg5 Kf7 28.
Rge3 Rh5 29. Qg3 Ng8 30. Be2 Rh6 31. Nd3 Nf6 32. Ne5+ Kg7 33. Qg5 Ne4 34. Qxh6+
1-0

[Event "SenWM Bad Zwischenahn"]
[Site "?"]
[Date "2008.??.??"]
[Round "?"]
[White "Lomer, Edmund"]
[Black "Siegmund, Rainer"]
[Result "1/2-1/2"]
[WhiteElo "2075"]
[BlackElo "2150"]
[PlyCount "30"]
[EventDate "2008.??.??"]

1. Nf3 c5 2. g3 Nc6 3. Bg2 g6 4. c3 Bg7 5. d4 cxd4 6. cxd4 d5 7. Nc3 Nf6 8. O-O
O-O 9. Ne5 e6 10. Nxc6 bxc6 11. Na4 Nd7 12. Bf4 Nb6 13. Nc5 Qe7 14. Rc1 f6 15.
e4 Rd8 1/2-1/2

[Event "SenWM Bad Zwischenahn"]
[Site "?"]
[Date "2008.??.??"]
[Round "?"]
[White "Rubinstein, Mark"]
[Black "Gerhardt, Peter_Michael"]
[Result "1/2-1/2"]
[WhiteElo "1995"]
[BlackElo "2155"]
[PlyCount "43"]
[EventDate "2008.??.??"]

1. d4 Nf6 2. c4 c5 3. d5 b5 4. b3 g6 5. Nd2 Bg7 6. Bb2 O-O 7. e4 d6 8. Qc2 b4
9. Ne2 a5 10. a4 bxa3 11. Rxa3 e6 12. Bc3 exd5 13. cxd5 Re8 14. f3 a4 15. bxa4
Ba6 16. Kf2 Qe7 17. Bxf6 Bxf6 18. g3 Nd7 19. Nc3 Bd4+ 20. Kg2 Reb8 21. Bxa6
Rxa6 22. Rha1 1/2-1/2

[Event "SenWM Bad Zwischenahn"]
[Site "?"]
[Date "2008.??.??"]
[Round "?"]
[White "Van Geffen, Ben"]
[Black "Hellwege, Werner"]
[Result "1-0"]
[WhiteElo "2145"]
[BlackElo "2015"]
[PlyCount "51"]
[EventDate "2008.??.??"]

1. e4 c5 2. Nf3 e6 3. d4 cxd4 4. Nxd4 a6 5. Bd3 Bb4+ 6. c3 Be7 7. O-O d6 8. f4
Nd7 9. Qe2 Qc7 10. Nd2 Ngf6 11. Kh1 h5 12. N2f3 Ng4 13. h3 b5 14. Kg1 Ngf6 15.
e5 Nd5 16. Bd2 Nc5 17. Bc2 Nb6 18. f5 d5 19. Ng5 Nc4 20. fxe6 Nxe6 21. Nxf7
Nxd2 22. Nxh8 Nxf1 23. Qxh5+ Kd7 24. Bf5 Qxe5 25. Bxe6+ Kd6 26. Nf7+ 1-0

[Event "SenWM Bad Zwischenahn"]
[Site "?"]
[Date "2008.??.??"]
[Round "?"]
[White "Hohn, August"]
[Black "Filzmaier, Bruno"]
[Result "1-0"]
[WhiteElo "2090"]
[BlackElo "1960"]
[PlyCount "53"]
[EventDate "2008.??.??"]

1. c4 e6 2. Nc3 d5 3. d4 Nf6 4. Nf3 Nbd7 5. Qc2 c6 6. e4 Nxe4 7. Nxe4 dxe4 8.
Qxe4 Nf6 9. Qc2 Bb4+ 10. Bd2 Qa5 11. Bd3 O-O 12. O-O Bxd2 13. Nxd2 Qh5 14. Rfe1
Qg4 15. Nf3 b6 16. Rad1 Bb7 17. Ne5 Qf4 18. b4 a5 19. g3 Qh6 20. a3 axb4 21.
axb4 c5 22. bxc5 bxc5 23. Rb1 Ra7 24. dxc5 Rc8 25. Qb2 Ba8 26. Qb8 Rac7 27.
Qxc7 1-0